00542nam a2200205 a 4500001001300000003000900013005001700022008004100039020001000080082001500090100001500105245003600120260005000156300000900206500003500215505002200250650002400272650002500296700001500321nice12345678IN_TiNIC20260116011633.0050524s1956 cama grp 000 0 eng  ac10000a281.5bBRO aBrown, L W aIndian Christians of St. Thomas aCambridge bCambridge University Press c1956 a315p aincludes index and biblioraphy2 aAppendices, Index aSyrian Church-India aChurch-History India1 aBrown, L W